000 00647nam a22001697a 4500
005 20260309114359.0
010 _aBACHN26
020 _a9789347035081
_c225.00
037 _bओपन बुकम हाउस
082 _21
_a954
100 _aबाजपेयी, रानी
_988151
245 _aभारतीय राजव्यवस्था/
_cरानी बाजपेयी
250 _a1
260 _aनई दिल्ली
_bओपन बुकम हाउस
_c2026
300 _aविस्पृतृत पृ.
_c28सेमी (आजिल्द)
942 _2ddc
_cHN
_h954
_mबाजपे
999 _c215412
_d215412